5HLuxD.jpg

KING HENRY VIII SENIOR AND PRIMARY SCHOOL LIBRARY OPAC

Morris the mankiest monster / (Record no. 1830)

000 -LEADER
fixed length control field 01033nam a2200301 a 4500
001 - CONTROL NUMBER
control field 017267036
003 - CONTROL NUMBER IDENTIFIER
control field UkOxU
005 - DATE AND TIME OF LATEST TRANSACTION
control field 20230202090018.0
008 - FIXED-LENGTH DATA ELEMENTS--GENERAL INFORMATION
fixed length control field 100603r20102009enka j 000 1 eng d
015 ## - NATIONAL BIBLIOGRAPHY NUMBER
National bibliography number GBB070063
Source bnb
020 ## - INTERNATIONAL STANDARD BOOK NUMBER
International Standard Book Number 9780552559355 (pbk.) :
035 ## - SYSTEM CONTROL NUMBER
System control number (Uk)015572061
035 ## - SYSTEM CONTROL NUMBER
System control number (StEdALDL)1/2395996
040 ## - CATALOGING SOURCE
Original cataloging agency StDuBDS
Language of cataloging eng
Transcribing agency StDuBDS
Modifying agency KH8
082 04 - DEWEY DECIMAL CLASSIFICATION NUMBER
Classification number 823.914 AND
Edition number 22
100 1# - MAIN ENTRY--PERSONAL NAME
Personal name Andreae, Giles,
Dates associated with a name 1966-
Relator term author
245 10 - TITLE STATEMENT
Title Morris the mankiest monster /
Statement of responsibility, etc. written by Giles Andreae ; illustrated by Sarah McIntyre.
260 ## - PUBLICATION, DISTRIBUTION, ETC.
Place of publication, distribution, etc. London :
Name of publisher, distributor, etc. Picture Corgi,
Date of publication, distribution, etc. 2010.
300 ## - PHYSICAL DESCRIPTION
Extent [22] p. :
Other physical details chiefly col. ill. ;
Dimensions 27 cm.
500 ## - GENERAL NOTE
General note Originally published: 2009.
500 ## - GENERAL NOTE
General note With raised paint details on front cover.
650 #0 - SUBJECT ADDED ENTRY--TOPICAL TERM
Topical term or geographic name entry element Monsters
Form subdivision Pictorial works
-- Juvenile fiction.
650 #0 - SUBJECT ADDED ENTRY--TOPICAL TERM
Topical term or geographic name entry element Hygiene
Form subdivision Pictorial works
-- Juvenile fiction.
650 #0 - SUBJECT ADDED ENTRY--TOPICAL TERM
Topical term or geographic name entry element Textured books
Form subdivision Specimens.
655 #7 - INDEX TERM--GENRE/FORM
Genre/form data or focus term Children's stories
Form subdivision Pictorial works
Source of term gsafd
700 1# - ADDED ENTRY--PERSONAL NAME
Personal name McIntyre, Sarah.
Relator term author
942 ## - ADDED ENTRY ELEMENTS (KOHA)
Source of classification or shelving scheme
Koha item type Books - Non Ficton
Holdings
Withdrawn status Lost status Source of classification or shelving scheme Damaged status Not for loan Collection code Permanent Location Current Location Shelving location Date acquired Total Checkouts Full call number Barcode Date last seen Date last checked out Price effective from Koha item type
          Non-Fiction KH8 Primary School Library KH8 Primary School Library Non Fiction 2023-02-02 14 823.914 AND KHPL000003579 2025-12-02 2024-11-20 2023-02-02 Books - Non Ficton

Powered By KH8 IT Dept